000 01328nam0a2200349 4500
001 RU\NLR\bibl\513280
005 20250609143106.0
010 _a5-7793-0225-1
_92000
021 _aRU
_b2004-444и
_926и
035 _a(NLR Aleph) 000505745
090 _a1201717
_c1201717
100 _a20040420d2003 |||y0rusy50 ca
101 0 _arus
102 _aRU
105 _aa |||||||||
200 1 _aВасилий Поленов
_f[Авт. текста Элеонора Пастон]
210 _aМ.
_cБелый город
_d2003
215 _a63,[1] с.
_cил., цв. ил.
_d31
225 1 _aМастера живописи
300 _aЗагл. обл.: Поленов
300 _aАвт. указан на обороте тит. л.
320 _aУказ. произведений В.Д. Поленова: с. 64
600 1 _aПоленов
_bВ. Д.
_f1844 - 1927
_gВасилий Дмитриевич
_91066903
_3RU\NLR\auth\66414863
600 1 _aПоленов
_bВ. Д.
_f1840-1020
_gВасилий Дмитриевич
_2psbo
686 _aЩ143(2Р=Рус)53-8Поленов
700 1 _aПастон
_bЭ. В.
_gЭлеонора Викторовна
_4070
801 0 _aRU
_bNLR
_c20040420
_gPSBO
801 1 _aRU
_bNLR
_c20040420
830 _aАвт. по эк
942 _cBOOK
980 _aNB